The Principles of the Law of Contract / (Record no. 453)

MARC details
000 -LEADER
fixed length control field 00562nam a22001817a 4500
005 - DATE AND TIME OF INPUT
control field 20231109061232.0
008 - DATA ELEMENTS--GENERAL INFORMATION
fixed length control field 231109b |||||||| |||| 00| 0 eng d
020 ## - INTERNATIONAL STANDARD BOOK NUMBER
International Standard Book Number 0409037443 ; 0409037451
041 ## - LANGUAGE CODE
Language code of text English
082 ## - SHELF NUMBER
DDC number 346.2 KER
100 ## - MAIN AUTHOR
Main author's name Kerr, AJ
Language of a work English
245 ## - TITLE STATEMENT
Title The Principles of the Law of Contract /
Statement of responsibility, etc. AJ Kerr
250 ## - EDITION STATEMENT
Edition statement Third Edition
260 ## - PUBLICATION, DISTRIBUTION, ETC.
Place of publication, distribution, etc. Durban :
Name of publisher, distributor, etc. Butterworth Publishers (Pty) Ltd,
Date of publication, distribution, etc. 1980
300 ## - PHYSICAL DESCRIPTION
Other physical details xiii, 531 pages ;
Dimensions 25 cm.
650 ## - SUBJECT`
Broad subject Legal practice
Own subject terms Law
942 ## - ADDED ENTRY ELEMENTS (KOHA)
Item type Books
942 ## - ADDED ENTRY ELEMENTS (KOHA)
-- ALISON_BN_VRIES
Holdings
Source of classification or shelving scheme Not for loan Collection code Home library Current library Shelving location Date acquired Full call number Barcode Price effective from Koha item type
Dewey Decimal Classification   TEXT BOOKS LAW SOCIETY OF NAMIBIA LIBRARY - WINDHOEK LAW SOCIETY OF NAMIBIA LIBRARY - WINDHOEK Damage law 11/09/2023 346.2 KER LSN/1986/7 11/09/2023 Books